Responses for Show #3004 - Thursday, September 25, 1997

Contestants

[<< previous game]

Abby Aronson, a foreign service officer originally from Englewood, New Jersey

Mushtaq Kapasi, a management consultant from Hurst, Texas

Bob Willoughby, a computer programming student from Madison, Wisconsin (whose 2-day cash winnings total $23,200)

[next game >>]

Jeopardy! Round responses

LAND FORMATIONS
1966
(Alex: You're all too young to remember that year.)
TV CARTOON THEMES
WEAPONS
OOPS!
(Alex: A whole category about mistakes.)
YOU'RE TOAST
    $100 1
capes

Abby
    $100 16
Harry Truman

Mushtaq
    $100 6
the Flintstones

Mushtaq
    $100 21
a harpoon

Mushtaq
    $100 26
Pat Boone

Abby
    $100 7
marshmallows

Bob
    $200 2
canyon

Bob
    $200 17
(Mushtaq: What is the silver dollar?)

the $2 bill

BobMushtaq
    $200 12
George of the Jungle

Abby
    $200 22
(Mushtaq: What is a sling?)

a catapult

MushtaqAbby
    $200 27
SAT (Scholastic Aptitude Test)

Mushtaq
    $200 8
Pop-Tarts

Bob
    $300 3
a gully

Bob
    $300 18
Ernest Hemingway

Triple Stumper
    $300 13
Yogi Bear

Bob
    $300 23
a crossbow

Triple Stumper
    $300 28
Ferdinand Marcos

Abby
    $300 9
French toast

Abby
    $400 4
a peninsula

Bob
    $400 19
Howard Hughes

Abby
    $500 14
Woody Woodpecker

Bob
    $400 24
a breach loader

Triple Stumper
    $400 29
William Faulkner

Bob
    $400 10
General Electric

Abby
    $500 5
mountains

Abby
    $500 20
Peggy Fleming

Mushtaq
    $500 15
Magilla Gorilla

Bob
    $500 25
a stun gun

Bob
    $500 30
(Mushtaq: Who is Ed McMahon?)
...
(Alex: God wants more!)

God

Mushtaq
Triple Stumper
    $500 11
Melba Toast

Abby

Scores at the first commercial break (after clue 15):

Bob Mushtaq Abby
$2,500 $100 $2,000

Scores at the end of the Jeopardy! Round:

Bob Mushtaq Abby
$3,600 $100 $3,000

Double Jeopardy! Round responses

PIONEER TRAILS
WOODY ALLEN FILMS
APES OF THE PLANET
FICTIONAL CHARACTERS
ARCHITECTS
FAMOUS EAGLE SCOUTS
    $200 22
the Oregon Trail

Bob
    $200 12
Manhattan

Bob
    $200 7
a tail

Bob
    $200 2
Garp

Mushtaq
    $200 1
the Seine

Abby
    $200 17
Steven Spielberg

Bob
    $400 23
the Natchez Trace Parkway

Mushtaq
    $400 13
Mighty Aphrodite

Abby
    $400 25
(Mushtaq: What is a gorilla?)
...
(Alex: We have less than a minute to go in the round.)

a chimpanzee

BobMushtaq
    $400 8
Sophie's Choice

Bob
    $400 3
Athens

Bob
    $400 18
John Tesh

Mushtaq
    $600 28
the Erie Canal

Abby
    $2,000 14
Bullets Over Broadway

Abby
    $600 26
(Bob: What are spider monkeys?)
(Abby: What are baboons?)

gibbons

BobAbby
Triple Stumper
    $600 9
Huckleberry Finn

Abby
    $600 4
Frank Lloyd Wright

Mushtaq
    $1,000 19
(Mushtaq: Who is Eisenhower?)
...
(Alex: Grand Rapids, in Michigan.)

Gerald Ford

Mushtaq
    $800 29
[The end-of-round signal sounds.]
(Alex: And now, the last clue will remain hidden.)

the Wilderness Road

Triple Stumper
    $800 15
(Abby: What is Everybody Says I Love You?)

Everyone Says I Love You

Abby
Triple Stumper
    $800 27
a silverback

Triple Stumper
    $800 10
Little Big Man

Bob
    $800 5
Walter Gropius

Mushtaq
    $800 20
James Lovell

Triple Stumper
    $1000 16
Husbands and Wives

Abby
    $1000 24
(Abby: What is New Guinea?)

Borneo & Sumatra

BobAbby
    $1000 11
Molly

Bob
    $1000 6
(Mushtaq: What is Washington, D.C.?)

Boston

Mushtaq
Triple Stumper
    $1000 21
William Bennett

Abby

Scores at the end of the Double Jeopardy! Round:

Bob Mushtaq Abby
$7,800 $100 $6,400

[wagering suggestions for these scores]

Final Jeopardy! Round responses

IN THE NEWS
(Alex: If you wrote down, "What is a Chevy Corvette?", I can tell you now you're wrong!)
MushtaqWhat is the line item veto?
$0
AbbyWhat is the line item veto
$2,600
BobWhat is a line-item veto
$5,001
Line-Item Veto

Final scores:

Bob Mushtaq Abby
$12,801 $100 $9,000
3-day champion: $36,001 3rd place: Panasonic 27-inch diagonal Superflat Color TV System 2nd place: Trip to Swept Away Resort, Negril, Jamaica

Game dynamics:

Coryat scores:

Bob Mushtaq Abby
$7,700 $1,100 $5,000
21 R
(including 1 DD),
1 W
10 R,
6 W
(including 1 DD)
17 R
(including 1 DD),
3 W

Combined Coryat: $13,800

[game clues] [game scores] [suggest correction]

Game tape date: Unknown
The J! Archive is created by fans, for fans. Scraping, republication, monetization, and malicious use prohibited; this site may use cookies and collect identifying information. See terms. The Jeopardy! game show and all elements thereof, including but not limited to copyright and trademark thereto, are the property of Jeopardy Productions, Inc. and are protected under law. This website is not affiliated with, sponsored by, or operated by Jeopardy Productions, Inc. Join the discussion at JBoard.tv.